000 02492nam0a2200409 4500
001 RU\NLR\BIBL_A\011454236
005 20250626071213.0
020 _aRU
_b7276
_9Сводный каталог листовок первых лет Советской власти (25 октября (7 ноября) 1917 - 1925) Т.4 (Ч.1). Листовки советских, партийных, профсоюзных, комсомольских и других организаций губерний РСФСР
035 _a(NLR Aleph) 011454236
090 _a11769355
_c11769355
100 _a20170814d1919 |||y0rusy50 ca
101 0 _arus
102 _aRU
105 _ay z 000zy
135 _acrgn 008apada
200 1 _aКрестьянам-производителям льна. "Крестьяне-труженики, к вам обращается государство, у вас есть лен..."
_e[листовка]
210 _a[Меленки
_cб.и.
_d1919]
215 _a1 с.
_d27х18
300 _aПодпись: заведующий Меленковским государственным льняным складом В. Абрамов
300 _aГод изд. установлен по дате поступления обяз. экз.
325 1 _aКопия доступна в Электронной библиотеке РНБ
517 1 _aКрестьяне-труженики, к вам обращается государство, у вас есть лен...
607 _aРСФСР
_jЛистовки
_xПолитика и управление
_y1917 - 1925
_92312782
_3RU\NLR\auth\6601609564
686 0 _aТ3(2)71-313,011
686 1 _aУ41(2)512.3,011
702 1 _4720
_7ca
_8rus
_aАбрамов
_bВ.
_cсовет. хоз. деятель, г. Меленки
_9177950
_3RU\NLR\AUTH\770178001
711 0 2 _aМеленковский государственный льняной склад
_9568898
_3RU\NLR\AUTH\880452519
852 0 0 _aNLR
_bФЛ
_j17/78
942 _cBOOK
980 _aNB
981 2 1 _a(21) Листовки
_b(21) Листовки 1919 года
981 2 2 _a(22) Материалы по истории России
_b(22) История России с 25 октября (7 ноября) 1917 года